000 00842nam a2200265Ia 4500
008 160803s9999 xx 000 0 und d
020 _a9780590922401
100 _aKrulik, Nancy E.
245 4 _aThe magic school bus plays ball :
245 _ba book about forces /
260 _aNew York :
260 _bScholastic Inc.
260 _c1997
300 _a28 unnumbered pages :
300 _bcolor illustrations ;
300 _c21 cm.
440 _aThe Magic school bus ;
440 _vbk. 11.
500 _a"TV tie-in book adaptation by Nancy E. Krulik and illustrated by Art Ruiz ; TV script written by John May, Brian Meehl, and Jocelyn Stevenson"--Title page verso.
650 _aForce and energy --
650 _aMotion --
650 _xJuvenile literature.
650 _xJuvenile literature.
700 _a490
999 _c299380
_d299380